[Event "LI Festival A"]
[Site "Imperia ITA"]
[Date "2009.09.01"]
[Round "3"]
[White "Singeisen, Hermann"]
[Black "Blasco, Domenico"]
[WhiteElo "2116"]
[BlackElo "1984"]
[Result "1/2-1/2"]
[PlyCount "72"]
[EventDate "2009.08.30"]

1. Nf3 g6 2. g3 Bg7 3. c4 c5 4. Nc3 Nc6 5. Bg2 Nf6 6. O-O O-O 7. d4 cxd4 8.
Nxd4 Qb6 9. Nc2 d6 10. Rb1 Bd7 11. b3 Qa5 12. Bb2 Qh5 13. Nd5 Nxd5 14. Bxg7
Kxg7 15. Bxd5 Bg4 16. Re1 Qe5 17. Bg2 Rad8 18. Qd2 h5 19. h4 Qa5 20. Qxa5 Nxa5
21. Nd4 Bd7 22. Rbd1 Nc6 23. Nf3 Bg4 24. Rd2 Bxf3 25. Bxf3 Rc8 26. Bg2 Rc7 27.
e4 b6 28. f4 Rb8 29. Rc1 Na5 30. Re1 Rbc8 31. Bh3 Rb8 32. e5 dxe5 33. Rxe5 e6
34. Bg2 Kf6 35. Re1 Ke7 36. Red1 Nb7 1/2-1/2

[Event "LI Festival A"]
[Site "Imperia ITA"]
[Date "2009.09.02"]
[Round "4"]
[White "Carzolio, Luigi"]
[Black "Mercandelli, Claudio"]
[WhiteElo "1999"]
[BlackElo "1914"]
[Result "0-1"]
[PlyCount "79"]
[EventDate "2009.08.30"]

1. Nf3 Nc6 2. g3 e5 3. d3 g6 4. Bg2 Bg7 5. O-O Nge7 6. e4 d6 7. c3 O-O 8. Ng5
f6 9. Nh3 Be6 10. f4 Qd7 11. Nf2 d5 12. Nd2 Rad8 13. Qe2 d4 14. c4 Bh6 15. Nf3
Bg7 16. Bd2 Qd6 17. a3 a5 18. b3 Ra8 19. fxe5 fxe5 20. Ng5 Bd7 21. Ng4 b6 22.
Nh3 Be6 23. Ng5 Bd7 24. Ra2 Rxf1+ 25. Bxf1 Rf8 26. Bc1 Nd8 27. Nh3 Nf7 28. b4
axb4 29. axb4 Qxb4 30. Ba3 Qb1 31. Rb2 Qa1 32. Ra2 Qb1 33. Rb2 Qc1 34. Rb3 Bxg4
35. Qxg4 Qxf1+ 36. Kxf1 Nh6+ 37. Kg1 Nxg4 38. Bxe7 Rf7 39. Bg5 Bf8 40. Ra3 0-1

[Event "LI Festival A"]
[Site "Imperia ITA"]
[Date "2009.09.02"]
[Round "4"]
[White "Cornaggia, Ranieri"]
[Black "Faraci, Antonino"]
[WhiteElo "1933"]
[BlackElo "2009"]
[Result "0-1"]
[PlyCount "90"]
[EventDate "2009.08.30"]

1. e4 c5 2. Nf3 d6 3. d4 cxd4 4. Nxd4 Nf6 5. Nc3 g6 6. Be3 Bg7 7. f3 O-O 8. Bc4
Nc6 9. Qd2 Bd7 10. O-O-O Qc8 11. Bb3 Ne5 12. h4 Nc4 13. Bxc4 Qxc4 14. Bh6 Rac8
15. h5 b5 16. hxg6 fxg6 17. Bxg7 Kxg7 18. Kb1 Rf7 19. Rhe1 b4 20. Nce2 a5 21.
c3 e5 22. Nb3 a4 23. Na5 bxc3 24. Nxc3 Qa6 25. b4 axb3 26. Nxb3 Be6 27. Nd5
Nxd5 28. exd5 Bf5+ 29. Ka1 Rc2 30. Qa5 Qxa5 31. Nxa5 Ra7 32. g4 Rxa5 33. gxf5
Rcxa2+ 34. Kb1 gxf5 35. Rg1+ Kf6 36. Rh1 Ra1+ 37. Kc2 Rxd1 38. Rxd1 Kg5 39. Rd3
Kf4 40. Kd1 h5 41. Ke1 h4 42. Kf2 Ra2+ 43. Kf1 h3 44. Kg1 Rg2+ 45. Kh1 Rg3 0-1

[Event "LI Festival A"]
[Site "Imperia ITA"]
[Date "2009.09.02"]
[Round "4"]
[White "Cugini, Verter"]
[Black "Di Lascio, Savino"]
[WhiteElo "2149"]
[BlackElo "2012"]
[Result "0-1"]
[PlyCount "96"]
[EventDate "2009.08.30"]

1. e4 c6 2. c4 d5 3. cxd5 cxd5 4. exd5 Nf6 5. Bb5+ Bd7 6. Bc4 Qc7 7. Qb3 b5 8.
d3 bxc4 9. dxc4 Nxd5 10. Ne2 Nf6 11. Nbc3 e5 12. Bg5 Nc6 13. Bxf6 gxf6 14. Nd5
Qd8 15. Qb7 Rb8 16. Nc7+ Ke7 17. Nd5+ Ke6 18. Qa6 Qa5+ 19. Qxa5 Nxa5 20. b3 Bc6
21. Nec3 Bb4 22. Nxb4 Rxb4 23. O-O Rg8 24. g3 Rbb8 25. Rad1 Rbd8 26. f4 Rxd1
27. Nxd1 Rd8 28. Ne3 Rd2 29. Rf2 Rd3 30. Nf1 e4 31. Re2 f5 32. Kf2 Nb7 33. Ne3
Nc5 34. b4 Na4 35. Rc2 Nc3 36. b5 Bb7 37. h3 h5 38. a4 Nxa4 39. c5 Nc3 40. c6
Bc8 41. h4 Nxb5 42. Rc5 Nd6 43. Re5+ Kf6 44. Nd5+ Kg7 45. Ne7 Be6 46. Ra5 Rd2+
47. Ke1 Ra2 48. Rc5 Kf8 0-1

[Event "LI Festival A"]
[Site "Imperia ITA"]
[Date "2009.09.02"]
[Round "4"]
[White "Di Paolo, Raffaele"]
[Black "Brunner, Werner"]
[WhiteElo "2318"]
[BlackElo "2178"]
[Result "1-0"]
[PlyCount "81"]
[EventDate "2009.08.30"]

1. e4 d5 2. exd5 Qxd5 3. Nc3 Qd6 4. d4 Nf6 5. g3 c6 6. Bf4 Qb4 7. a3 Qa5 8. b4
Qd8 9. Bg2 Bg4 10. Nge2 e6 11. O-O Be7 12. h3 Bh5 13. g4 Bg6 14. Ng3 Nbd7 15.
Nce4 Nxe4 16. Nxe4 Nf6 17. Nc5 Qc8 18. Qe2 O-O 19. c4 Nd7 20. Rad1 Re8 21. Bg3
a5 22. Qb2 axb4 23. axb4 Rd8 24. Ra1 Nxc5 25. bxc5 Qd7 26. Rxa8 Rxa8 27. Ra1
Rxa1+ 28. Qxa1 h6 29. Be5 f6 30. Bf4 Kh7 31. Be3 Bd8 32. Qa4 Bf7 33. Qc2+ Bg6
34. Qb3 Bf7 35. Bf3 Bc7 36. Kg2 Bd8 37. h4 Be7 38. h5 Kg8 39. Qa4 Qc8 40. Bf4
Qd7 41. Qa8+ 1-0

[Event "LI Festival A"]
[Site "Imperia ITA"]
[Date "2009.09.02"]
[Round "4"]
[White "Dittmar, Peter"]
[Black "Okhotnik, Vladimir"]
[WhiteElo "2357"]
[BlackElo "2449"]
[Result "0-1"]
[PlyCount "80"]
[EventDate "2009.08.30"]

1. b3 e5 2. Bb2 d6 3. e3 Nf6 4. d4 e4 5. d5 Nbd7 6. Nc3 c5 7. Nge2 a6 8. Ng3
Qe7 9. a4 h5 10. h4 Rh7 11. a5 g6 12. Ra4 b5 13. axb6 Nxb6 14. Ncxe4 Nfxd5 15.
Ra5 f5 16. Ng5 Bg7 17. Bxg7 Rxg7 18. Bc4 Qe5 19. Ne2 f4 20. Bxd5 Nxd5 21. e4
Nc7 22. Qd2 f3 23. gxf3 Bb7 24. Qc3 Qe7 25. Rg1 O-O-O 26. Kf1 Rgg8 27. Qa1 Rgf8
28. c4 Rf6 29. Rg3 Rdf8 30. b4 Ne6 31. Nxe6 Qxe6 32. bxc5 Rxf3 33. Rxf3 Rxf3
34. Qh8+ Kd7 35. c6+ Bxc6 36. Rxa6 Bb7 37. Ra7 Qxe4 38. Qg7+ Kc8 39. Qh8+ Kc7
40. Qa1 Rb3 0-1

[Event "LI Festival A"]
[Site "Imperia ITA"]
[Date "2009.09.02"]
[Round "4"]
[White "Fattorelli, Luciano"]
[Black "Malano, Francesco"]
[WhiteElo "2030"]
[BlackElo "1900"]
[Result "1-0"]
[PlyCount "89"]
[EventDate "2009.08.30"]

1. Nf3 d5 2. c4 e6 3. e3 Nf6 4. b3 Nbd7 5. Bb2 Bd6 6. d4 c6 7. Bd3 O-O 8. Nbd2
Re8 9. Ne5 Nf8 10. O-O N6d7 11. f4 f6 12. Nxd7 Bxd7 13. e4 Be7 14. Qc2 Rc8 15.
Rae1 b5 16. Kh1 Rc7 17. Re3 Bc8 18. Rc1 Bb4 19. Nf3 Ba5 20. Bc3 b4 21. Be1 c5
22. exd5 cxd4 23. Re2 exd5 24. Rxe8 Qxe8 25. Bf2 Bb6 26. Re1 Qd8 27. Bxd4 Bxd4
28. Nxd4 dxc4 29. Bxc4+ Kh8 30. Qe4 Bb7 31. Qe8 Rd7 32. Qxd8 Rxd8 33. Nf3 Bxf3
34. gxf3 Ng6 35. Re4 f5 36. Re1 Nxf4 37. Kg1 g6 38. Kf2 Rd2+ 39. Ke3 Rxh2 40.
Kxf4 Rxa2 41. Re7 h6 42. Ke5 Ra5+ 43. Kf6 Rc5 44. Re8+ Kh7 45. Bg8+ 1-0

[Event "LI Festival A"]
[Site "Imperia ITA"]
[Date "2009.09.02"]
[Round "4"]
[White "Friedrich, Norbert"]
[Black "Astengo, Marcello"]
[WhiteElo "2350"]
[BlackElo "2117"]
[Result "0-1"]
[PlyCount "96"]
[EventDate "2009.08.30"]

1. e4 e6 2. d4 d5 3. Nd2 Nf6 4. e5 Ng8 5. Bd3 c5 6. c3 Bd7 7. Ne2 Qb6 8. O-O
Nc6 9. Nf3 Nge7 10. Re1 Ng6 11. h4 cxd4 12. cxd4 Bb4 13. Rf1 Be7 14. h5 Nh4 15.
Nxh4 Bxh4 16. Be3 Nb4 17. Bb1 Be7 18. Nc3 Rc8 19. a3 Nc6 20. Na4 Qd8 21. b4 b6
22. Bd3 O-O 23. Qb1 h6 24. Qd1 f5 25. f4 Qe8 26. Nb2 Nb8 27. Qe2 Qf7 28. b5 Rc3
29. a4 Rfc8 30. Nd1 Ra3 31. Rxa3 Bxa3 32. Nf2 Qe7 33. Rb1 Be8 34. g3 Rc3 35.
Bd2 Rc8 36. Rb3 Bc1 37. Bb4 Qf7 38. Qd1 Be3 39. Bc3 Qxh5 40. Be2 Bxf2+ 41. Kxf2
Qh2+ 42. Kf1 Qxg3 43. Bd2 Qh2 44. Bf3 Rc4 45. Be3 Rxa4 46. Rc3 Bxb5+ 47. Ke1
Ra2 48. Rc8+ Kh7 0-1

[Event "LI Festival A"]
[Site "Imperia ITA"]
[Date "2009.09.02"]
[Round "4"]
[White "Gras, Guillaume"]
[Black "Morselli, Stefano"]
[WhiteElo "2053"]
[BlackElo "1921"]
[Result "1-0"]
[PlyCount "53"]
[EventDate "2009.08.30"]

1. e4 g6 2. d4 Bg7 3. Nf3 d6 4. Nc3 Nf6 5. Be3 O-O 6. Qd2 Ng4 7. Bg5 h6 8. Bf4
g5 9. Bg3 Nc6 10. h4 e5 11. hxg5 Nxd4 12. gxh6 Bf6 13. Nd5 Nxf3+ 14. gxf3 Bg5
15. f4 exf4 16. Bxf4 Bxf4 17. Qxf4 f5 18. Bc4 Kh8 19. O-O-O fxe4 20. Qxe4 Qg5+
21. f4 Qd8 22. Qd4+ Nf6 23. Rdg1 c6 24. Nxf6 Qxf6 25. h7 Be6 26. Rg8+ Bxg8 27.
hxg8=R# 1-0

[Event "LI Festival A"]
[Site "Imperia ITA"]
[Date "2009.09.02"]
[Round "4"]
[White "Mela, Riccardo"]
[Black "Cavatorta, Fosco"]
[WhiteElo "2029"]
[BlackElo "1941"]
[Result "0-1"]
[PlyCount "180"]
[EventDate "2009.08.30"]

1. e4 d6 2. d4 Nf6 3. Nc3 Nbd7 4. f4 e5 5. Nf3 c6 6. fxe5 dxe5 7. Bg5 exd4 8.
Qxd4 Bc5 9. Qd3 O-O 10. O-O-O Qe7 11. g3 Ne5 12. Nxe5 Qxe5 13. Bf4 Qe8 14. h3
Be6 15. Bg2 Rd8 16. Qxd8 Qxd8 17. Rxd8 Rxd8 18. g4 Kf8 19. Rd1 Ke8 20. Rxd8+
Kxd8 21. Kd2 Nd7 22. Be3 f6 23. Bxc5 Nxc5 24. b3 Kc7 25. Ke3 Kd6 26. Ne2 Nd7
27. Nf4 b6 28. Bf3 g5 29. Ne2 Ke5 30. Nd4 Kd6 31. Be2 a5 32. a3 Nc5 33. Nf3 h6
34. Kd4 Nd7 35. Nd2 c5+ 36. Ke3 Ne5 37. Bf1 Nc6 38. Nf3 Ne7 39. Nd2 Ng6 40. a4
Nf4 41. Nf3 Ng6 42. Nd2 Ne5 43. Bc4 Bd7 44. Bf1 Be8 45. Be2 Bf7 46. Bc4 Bg6 47.
Be2 Be8 48. Kf2 Ng6 49. Ke3 Bf7 50. Bf1 Nf4 51. Bc4 Bg6 52. Bf1 h5 53. Nc4+ Kc7
54. gxh5 Nxh5 55. Be2 Nf4 56. Bg4 Bf7 57. Nd2 Kd6 58. Bc8 Ng6 59. Bf5 Ne5 60.
Bc8 c4 61. Kd4 cxb3 62. cxb3 Nc6+ 63. Kd3 Kc5 64. Kc3 Nd4 65. e5 fxe5 66. Ne4+
Kc6 67. Nxg5 Bxb3 68. Nf3 Nxf3 69. Kxb3 e4 70. Bg4 Kd5 71. Kc3 Ke5 72. Bc8 Kf4
73. Kc2 Kg3 74. Kd1 Nd4 75. Ke1 Kf3 76. Bb7 Ke3 77. Ba6 Nc2+ 78. Kd1 Nb4 79.
Bb5 Nd5 80. Ke1 Nf4 81. Bd7 Nd3+ 82. Kf1 Kd2 83. Bb5 Ne5 84. h4 Ng4 85. h5 e3
86. Ba6 Nh6 87. Bb5 Nf5 88. Kg2 e2 89. Bxe2 Kxe2 90. Kh3 Kf3 0-1

[Event "LI Festival A"]
[Site "Imperia ITA"]
[Date "2009.09.02"]
[Round "4"]
[White "Molina, Fabrizio"]
[Black "Mazzetta, Renato"]
[WhiteElo "2245"]
[BlackElo "1911"]
[Result "1-0"]
[PlyCount "37"]
[EventDate "2009.08.30"]

1. Nf3 d5 2. c4 c6 3. g3 Nf6 4. Bg2 e6 5. O-O Bd6 6. d4 O-O 7. Qc2 Nbd7 8. Nbd2
Re8 9. Rd1 Qc7 10. e4 dxe4 11. Nxe4 Nxe4 12. Qxe4 Nf6 13. Qc2 h6 14. a3 a5 15.
c5 Bf8 16. Ne5 Nd5 17. Nc4 Bd7 18. Bd2 b5 19. cxb6 1-0

[Event "LI Festival A"]
[Site "Imperia ITA"]
[Date "2009.09.02"]
[Round "4"]
[White "Moroder, Stefan"]
[Black "Garbarino, Xavier"]
[WhiteElo "2062"]
[BlackElo "2251"]
[Result "1/2-1/2"]
[PlyCount "102"]
[EventDate "2009.08.30"]

1. d4 Nc6 2. d5 Ne5 3. e4 e6 4. dxe6 fxe6 5. Nc3 Ng6 6. f4 Bb4 7. Qd4 Qe7 8. e5
Nh6 9. Bd3 Nh4 10. Qe4 Rb8 11. Bd2 b6 12. Qe2 Bxc3 13. Bxc3 Bb7 14. Be4 O-O 15.
Bxb7 Rxb7 16. g3 N4f5 17. O-O-O b5 18. Nf3 b4 19. Be1 d5 20. h3 Qd7 21. g4 Ne7
22. Bg3 Nf7 23. f5 Nd8 24. f6 Ng6 25. g5 Qb5 26. Qxb5 Rxb5 27. h4 Rf7 28. h5
Nf8 29. Nh4 g6 30. hxg6 hxg6 31. Ng2 Rh7 32. Nf4 Rxh1 33. Rxh1 Nf7 34. Nd3 a5
35. Bf2 Nd7 36. Nf4 Nf8 37. Nd3 c6 38. b3 Nd7 39. Nf4 Nf8 40. Nd3 Nd7 41. Nf4
Nf8 42. Nd3 Nxg5 43. Bc5 Nd7 44. Rh6 Nxc5 45. Rxg6+ Kf7 46. Rg7+ Kf8 47. Rxg5
Nxd3+ 48. cxd3 d4 49. Kd2 a4 50. bxa4 Rc5 51. Rh5 Kg8 1/2-1/2

[Event "LI Festival A"]
[Site "Imperia ITA"]
[Date "2009.09.02"]
[Round "4"]
[White "Poloch, Petr"]
[Black "Remille, Tristan"]
[WhiteElo "2274"]
[BlackElo "2204"]
[Result "1/2-1/2"]
[PlyCount "35"]
[EventDate "2009.08.30"]

1. Nf3 d5 2. c4 dxc4 3. e3 Nf6 4. Bxc4 e6 5. O-O c5 6. b3 Be7 7. Bb2 Nbd7 8.
Nc3 a6 9. a4 b6 10. d4 cxd4 11. exd4 O-O 12. Qe2 Bb7 13. Ne5 Nd5 14. Nxd5 exd5
15. Bd3 Nf6 16. Rfc1 Bd6 17. Ba3 Re8 18. Bxd6 1/2-1/2

[Event "LI Festival A"]
[Site "Imperia ITA"]
[Date "2009.09.02"]
[Round "4"]
[White "Salvador, Roland"]
[Black "Barletta, Mauro"]
[WhiteElo "2447"]
[BlackElo "2191"]
[Result "1-0"]
[PlyCount "103"]
[EventDate "2009.08.30"]

1. d4 d5 2. Nf3 Nc6 3. Bf4 Bg4 4. c3 f6 5. Nbd2 Qd7 6. h3 Bh5 7. e3 e6 8. Qb3
Rb8 9. Rc1 Bd6 10. Bxd6 Qxd6 11. c4 Nge7 12. cxd5 exd5 13. a3 O-O 14. Ne4 Qd8
15. Nc5 Qc8 16. Be2 Kh8 17. O-O Nd8 18. Rc3 c6 19. Qa4 a6 20. Rfc1 Ne6 21. b4
Nxc5 22. bxc5 g5 23. Qd1 Rg8 24. Rb3 g4 25. Ne1 f5 26. g3 Rg7 27. Nd3 Qe6 28.
Nf4 Qh6 29. Rcb1 Ng6 30. h4 Nxf4 31. exf4 Re7 32. Bxa6 Qg7 33. Rb4 Be8 34. Qb3
Re4 35. Qd3 Bd7 36. Bxb7 Rbe8 37. a4 Qe7 38. a5 Re1+ 39. Kg2 Qd8 40. Rxe1 Rxe1
41. Rb6 Qe8 42. a6 Ra1 43. Qe3 Qe4+ 44. Qxe4 fxe4 45. Bxc6 Bxc6 46. Rxc6 Ra2
47. Rd6 Kg7 48. h5 Kf7 49. f5 Kf8 50. c6 Rxa6 51. c7 Ra8 52. Rb6 1-0

[Event "LI Festival A"]
[Site "Imperia ITA"]
[Date "2009.09.02"]
[Round "4"]
[White "Sarno, Spartaco"]
[Black "Arlandi, Ennio"]
[WhiteElo "2324"]
[BlackElo "2426"]
[Result "0-1"]
[PlyCount "72"]
[EventDate "2009.08.30"]

1. Nf3 Nf6 2. c4 g6 3. Nc3 d5 4. cxd5 Nxd5 5. Qa4+ Bd7 6. Qh4 Bc6 7. d3 Nxc3 8.
bxc3 Bxf3 9. gxf3 Bg7 10. Qa4+ Nd7 11. Qb3 O-O 12. h4 h5 13. Rg1 e6 14. Bg5 Nc5
15. Qc2 Qd7 16. Rb1 Na4 17. Bd2 c5 18. f4 b5 19. Bg2 Rac8 20. Bf3 Kh8 21. Rg5
a6 22. e4 b4 23. c4 Nc3 24. Bxc3 bxc3 25. Rb3 Qd4 26. Ke2 Rb8 27. Rg1 Qf6 28.
Rg5 Rxb3 29. axb3 Rc8 30. Qc1 Qd4 31. Qe3 Qd8 32. Rxc5 Rb8 33. e5 Rxb3 34. Qe4
Rb2+ 35. Kd1 Qb6 36. d4 Rb1+ 0-1

[Event "LI Festival A"]
[Site "Imperia ITA"]
[Date "2009.09.02"]
[Round "4"]
[White "Spinelli, Doriano"]
[Black "Mitura, Karel"]
[WhiteElo "2115"]
[BlackElo "2017"]
[Result "1-0"]
[PlyCount "72"]
[EventDate "2009.08.30"]

1. e4 c5 2. Nc3 Nc6 3. g3 g6 4. d3 Bg7 5. Be3 d6 6. f4 e6 7. Bg2 Nge7 8. Nf3
O-O 9. O-O Nd4 10. e5 Nef5 11. Bf2 Nxf3+ 12. Bxf3 Nd4 13. exd6 Qxd6 14. Ne4 Qc7
15. Bg2 e5 16. fxe5 Qxe5 17. c3 Ne6 18. Nxc5 Nxc5 19. d4 Qc7 20. dxc5 Rd8 21.
Qb3 Rb8 22. Rad1 Be6 23. Rxd8+ Qxd8 24. Qa4 a5 25. Rd1 Qc7 26. Bd5 Rd8 27. Bxe6
fxe6 28. Rxd8+ Qxd8 29. Qe4 Qd7 30. Bd4 Kf7 31. Qf4+ Kg8 32. Bxg7 Kxg7 33. Qd4+
Qxd4+ 34. cxd4 Kf6 35. Kf2 Kf5 36. Ke3 h5 1-0

[Event "LI Festival A"]
[Site "Imperia ITA"]
[Date "2009.09.02"]
[Round "4"]
[White "Tomassoni, Leonardo"]
[Black "Ricci, Marco"]
[WhiteElo "1951"]
[BlackElo "2128"]
[Result "0-1"]
[PlyCount "118"]
[EventDate "2009.08.30"]

1. e4 e6 2. d4 d5 3. Nc3 Nf6 4. e5 Nfd7 5. f4 c5 6. Nf3 Nc6 7. Be3 cxd4 8. Nxd4
Bc5 9. Na4 Qa5+ 10. c3 Bxd4 11. Bxd4 Nxd4 12. Qxd4 b6 13. Bd3 Ba6 14. Bc2 Rc8
15. b4 Qb5 16. Qd2 Qc6 17. Rc1 Bb5 18. Nb2 O-O 19. Bd3 Bxd3 20. Qxd3 f6 21.
exf6 Nxf6 22. O-O b5 23. Nd1 Qb6+ 24. Nf2 Ne4 25. Qd4 Nxf2 26. Qxb6 Nh3+ 27.
gxh3 axb6 28. Kg2 Rc4 29. Rfe1 Kf7 30. a3 Rxf4 31. Re3 Ke7 32. Rce1 R8f6 33.
Kg3 Kd6 34. Rxe6+ Rxe6 35. Rxe6+ Kxe6 36. Kxf4 Kf6 37. h4 h5 38. h3 g6 39. Ke3
Ke5 40. Kd3 Kf4 41. Kd4 Kg3 42. Kxd5 Kxh4 43. c4 bxc4 44. Kxc4 g5 45. a4 Kxh3
46. a5 bxa5 47. bxa5 g4 48. a6 g3 49. a7 g2 50. a8=Q g1=Q 51. Qf3+ Kh4 52. Qf6+
Qg5 53. Qf2+ Qg3 54. Qf6+ Kh3 55. Qf1+ Qg2 56. Qd3+ Kh2 57. Qd6+ Qg3 58. Qd2+
Kh3 59. Qd8 Qh4+ 0-1

[Event "LI Festival A"]
[Site "Imperia ITA"]
[Date "2009.09.02"]
[Round "4"]
[White "Van Hoolandt, Patrick"]
[Black "Gioseffi, Massimiliano"]
[WhiteElo "2233"]
[BlackElo "2110"]
[Result "1-0"]
[PlyCount "101"]
[EventDate "2009.08.30"]

1. d4 Nf6 2. c4 e6 3. Nf3 Bb4+ 4. Bd2 Qe7 5. g3 O-O 6. Bg2 Nc6 7. Nc3 Bxc3 8.
Bxc3 Ne4 9. Rc1 Nxc3 10. Rxc3 d6 11. d5 Nb8 12. Nd2 a5 13. O-O e5 14. c5 Na6
15. cxd6 cxd6 16. Nc4 Nc5 17. Ra3 Qc7 18. Qd2 b6 19. b4 Na6 20. Nxe5 axb4 21.
Re3 Bd7 22. Rc1 Nc5 23. Nc6 Bxc6 24. dxc6 h6 25. Bd5 Ra4 26. Rc4 b5 27. Rxb4
Qa5 28. Rb2 Qb6 29. Rf3 Na6 30. e4 Rd4 31. Qe3 Rd1+ 32. Kg2 Qxe3 33. fxe3 Nc7
34. Bb3 Rc1 35. Rc2 Rxc2+ 36. Bxc2 Re8 37. Bb3 Re7 38. Rf2 Kf8 39. Rd2 Rxe4 40.
Kf3 Re7 41. Rxd6 Ne8 42. Rd8 h5 43. h4 g6 44. Rb8 Rc7 45. Bd5 Ke7 46. Rxb5 Nf6
47. e4 Nxd5 48. exd5 Kd6 49. Rb7 Rc8 50. Rd7+ Ke5 51. c7 1-0

[Event "LI Festival A"]
[Site "Imperia ITA"]
[Date "2009.09.02"]
[Round "5"]
[White "Arlandi, Ennio"]
[Black "Di Paolo, Raffaele"]
[WhiteElo "2426"]
[BlackElo "2318"]
[Result "1/2-1/2"]
[PlyCount "85"]
[EventDate "2009.08.30"]

1. d4 Nf6 2. c4 g6 3. Nc3 Bg7 4. e4 d6 5. Nf3 O-O 6. Be2 e5 7. O-O Nc6 8. d5
Ne7 9. Nd2 a5 10. a3 Nd7 11. Rb1 f5 12. b4 Kh8 13. Qc2 Ng8 14. exf5 gxf5 15. f4
axb4 16. axb4 Ne7 17. Nf3 exf4 18. Bd3 Ne5 19. Ne2 N7g6 20. Nxf4 Nxf4 21. Bxf4
Ra3 22. Rb3 Rxb3 23. Qxb3 Bd7 24. Kh1 Nxf3 25. Rxf3 Qf6 26. Bd2 Ra8 27. Rf1 Ra1
28. Rxa1 Qxa1+ 29. Bb1 Qd4 30. Be3 Qc3 31. Qxc3 Bxc3 32. b5 Kg7 33. g3 Kf6 34.
Kg2 Be8 35. Bf4 Bd4 36. Bd3 Bh5 37. Bh6 Bc5 38. Bf4 Bd4 39. Bd2 Ke5 40. Ba5 Bb6
41. Bc3+ Bd4 42. Ba5 Bb6 43. Bc3+ 1/2-1/2

[Event "LI Festival A"]
[Site "Imperia ITA"]
[Date "2009.09.02"]
[Round "5"]
[White "Astengo, Marcello"]
[Black "Salvador, Roland"]
[WhiteElo "2117"]
[BlackElo "2447"]
[Result "0-1"]
[PlyCount "58"]
[EventDate "2009.08.30"]

1. d4 Nf6 2. c4 c6 3. Nc3 d5 4. Bf4 a6 5. e3 Bf5 6. Qb3 b5 7. cxb5 axb5 8. Nf3
Nbd7 9. Nh4 Be6 10. h3 Qa5 11. a3 Ne4 12. Rc1 g5 13. Bxg5 Nxg5 14. f4 Bh6 15.
Qd1 Ne4 16. Qh5 Bf8 17. Qf3 Ndf6 18. Bd3 Rg8 19. g4 b4 20. axb4 Qxb4 21. O-O
Nd2 22. Qe2 Nxf1 23. Kxf1 h5 24. f5 Bd7 25. gxh5 Bh6 26. Kf2 Rg5 27. Nf3 Rxh5
28. Ne5 Rxh3 29. Nxd7 Rh2+ 0-1

[Event "LI Festival A"]
[Site "Imperia ITA"]
[Date "2009.09.02"]
[Round "5"]
[White "Barletta, Mauro"]
[Black "Moroder, Stefan"]
[WhiteElo "2191"]
[BlackElo "2062"]
[Result "1/2-1/2"]
[PlyCount "93"]
[EventDate "2009.08.30"]

1. e4 c5 2. c3 g6 3. Nf3 Bg7 4. d4 cxd4 5. cxd4 d5 6. e5 Nc6 7. h3 f6 8. Bb5
Nh6 9. O-O O-O 10. exf6 exf6 11. Nc3 Nf5 12. Qa4 Bd7 13. Qb3 Be6 14. Bxc6 bxc6
15. Na4 g5 16. Re1 Qd6 17. Bd2 Rab8 18. Qc2 h5 19. Qc5 Qxc5 20. Nxc5 Bc8 21.
Bc3 Kf7 22. Nd2 Nd6 23. Re2 Re8 24. Rxe8 Kxe8 25. Re1+ Kf7 26. Ndb3 Nc4 27. Re2
Bf8 28. Nd3 Bf5 29. Nbc5 Bxd3 30. Nxd3 Re8 31. Kf1 Re6 32. b3 Rxe2 33. Kxe2 Nd6
34. g4 Nb5 35. Bb2 hxg4 36. hxg4 Bd6 37. a4 Nc7 38. Bc3 Ne6 39. Ke3 Bf4+ 40.
Kf3 Bd6 41. Ke2 Kg6 42. f3 Nf4+ 43. Nxf4+ gxf4 44. Kd3 f5 45. gxf5+ Kxf5 46.
Be1 Kg5 47. Ke2 1/2-1/2

[Event "LI Festival A"]
[Site "Imperia ITA"]
[Date "2009.09.02"]
[Round "5"]
[White "Brunner, Werner"]
[Black "Fattorelli, Luciano"]
[WhiteElo "2178"]
[BlackElo "2030"]
[Result "1/2-1/2"]
[PlyCount "22"]
[EventDate "2009.08.30"]

1. d4 c5 2. dxc5 e6 3. Nc3 Qa5 4. Bd2 Qxc5 5. e4 d6 6. Nf3 a6 7. Bd3 Nf6 8. O-O
Be7 9. b4 Qc7 10. b5 Nbd7 11. a4 a5 1/2-1/2

[Event "LI Festival A"]
[Site "Imperia ITA"]
[Date "2009.09.02"]
[Round "5"]
[White "Cavatorta, Fosco"]
[Black "Ricci, Marco"]
[WhiteElo "1941"]
[BlackElo "2128"]
[Result "1-0"]
[PlyCount "83"]
[EventDate "2009.08.30"]

1. d4 Nf6 2. Nf3 g6 3. Nc3 d5 4. Bf4 Nh5 5. Bg5 h6 6. Be3 Bg7 7. Qd2 b6 8. h3
Bb7 9. g4 Nf6 10. Rg1 Nbd7 11. Bf4 Ne4 12. Qe3 Nxc3 13. Qxc3 c5 14. e3 Rc8 15.
Qb3 c4 16. Qa4 a6 17. c3 b5 18. Qc2 O-O 19. Bg2 Re8 20. Ne5 Nxe5 21. Bxe5 Bxe5
22. dxe5 e6 23. f4 Qh4+ 24. Qf2 Qxf2+ 25. Kxf2 Bc6 26. h4 Rb8 27. a3 Kg7 28.
Bf3 g5 29. hxg5 hxg5 30. Rh1 gxf4 31. exf4 Rh8 32. Ke3 Rhd8 33. Kd4 Rbc8 34.
Rh5 Be8 35. Rah1 a5 36. f5 exf5 37. gxf5 f6 38. Rh7+ Kf8 39. e6 Bc6 40. R1h6
Ke8 41. Rxf6 b4 42. Bh5# 1-0

[Event "LI Festival A"]
[Site "Imperia ITA"]
[Date "2009.09.02"]
[Round "5"]
[White "Di Lascio, Savino"]
[Black "Poloch, Petr"]
[WhiteElo "2012"]
[BlackElo "2274"]
[Result "0-1"]
[PlyCount "64"]
[EventDate "2009.08.30"]

1. Nf3 Nf6 2. g3 c5 3. Bg2 Nc6 4. O-O e5 5. e4 Be7 6. c3 Nxe4 7. Nxe5 Nxe5 8.
Bxe4 d5 9. d4 Bg4 10. Qa4+ Bd7 11. Qc2 dxe4 12. dxe5 Bc6 13. Be3 Qd5 14. Nd2
Qxe5 15. Rfe1 f5 16. Nc4 Qf6 17. h4 Rd8 18. Rad1 g5 19. h5 O-O 20. Na5 Be8 21.
Nxb7 Rc8 22. b4 cxb4 23. Bd4 Qa6 24. Rxe4 fxe4 25. Qxe4 Bf6 26. Bc5 Rxc5 27.
Nxc5 Qc6 28. cxb4 Qxe4 29. Nxe4 Be7 30. a3 Rf3 31. Rd5 Rxa3 32. Nd6 Ra1+ 0-1

[Event "LI Festival A"]
[Site "Imperia ITA"]
[Date "2009.09.02"]
[Round "5"]
[White "Dolezal, Radoslav jr"]
[Black "Stoppa, Omar"]
[WhiteElo "2396"]
[BlackElo "2261"]
[Result "1-0"]
[PlyCount "121"]
[EventDate "2009.08.30"]

1. d4 Nf6 2. g3 g6 3. Bg2 Bg7 4. e4 O-O 5. Ne2 d6 6. O-O e5 7. c4 c6 8. Nbc3
Nbd7 9. d5 c5 10. f4 a6 11. f5 b5 12. cxb5 axb5 13. Nxb5 Qb6 14. Nec3 Ra5 15.
a4 c4+ 16. Kh1 Nc5 17. Be3 Bd7 18. Qe2 Bxb5 19. axb5 Rxb5 20. Nxb5 Qxb5 21.
Bxc5 Qxc5 22. Rac1 Rc8 23. Rc3 Qb4 24. g4 g5 25. Rfc1 Rb8 26. R1c2 Qa5 27. h3
Rxb2 28. Rxb2 Qxc3 29. Qd2 Qxd2 30. Rxd2 Bf8 31. Rc2 h5 32. Bf3 hxg4 33. hxg4
Nd7 34. Rxc4 Nc5 35. Rb4 Kg7 36. Rb8 Nd7 37. Rb7 Nc5 38. Ra7 Kf6 39. Kg2 Be7
40. Ra8 Nd3 41. Re8 Nc5 42. Kg3 Nb7 43. Be2 Nc5 44. Kf3 Nd7 45. Bd3 Nc5 46. Ke2
Nb3 47. Kd1 Nd4 48. Be2 Nb3 49. Kc2 Nd4+ 50. Kd2 Nb3+ 51. Kc3 Nc5 52. Bd3 Nb7
53. Kb4 Nc5 54. Bc2 Na6+ 55. Ka5 Nc5 56. Kb6 Nd7+ 57. Kc6 Nc5 58. Ra8 Kg7 59.
Ra5 Kf6 60. Rxc5 dxc5 61. Kc7 1-0

[Event "LI Festival A"]
[Site "Imperia ITA"]
[Date "2009.09.02"]
[Round "5"]
[White "Dritsakos, Alessio"]
[Black "Cugini, Verter"]
[WhiteElo "1920"]
[BlackElo "2149"]
[Result "0-1"]
[PlyCount "102"]
[EventDate "2009.08.30"]

1. e4 e6 2. d4 d5 3. Nc3 Nf6 4. Bg5 Bb4 5. e5 h6 6. Bd2 Bxc3 7. bxc3 Ne4 8. Qg4
g6 9. Bd3 Nxd2 10. Kxd2 c5 11. Nf3 Nc6 12. h4 Qa5 13. Qf4 cxd4 14. Nxd4 Nxd4
15. Qxd4 Bd7 16. Rhb1 b6 17. Qb4 Qxb4 18. Rxb4 Ke7 19. a4 Rhc8 20. g4 Rc5 21.
g5 h5 22. f4 Rac8 23. Ra3 R8c7 24. Bb5 a5 25. Rbb3 Bxb5 26. Rxb5 Rxb5 27. axb5
Rc5 28. Rb3 Rc4 29. Ke3 Re4+ 30. Kf3 Ra4 31. Ke3 Ra2 32. Kd3 Ra1 33. c4 dxc4+
34. Kxc4 Ra4+ 35. Kd3 Rxf4 36. Rc3 Rxh4 37. Rc7+ Kf8 38. Rb7 Rb4 39. Rxb6 h4
40. c3 h3 41. cxb4 h2 42. Rb8+ Kg7 43. bxa5 h1=Q 44. a6 Qd5+ 45. Kc2 Qxe5 46.
Rb7 Qxg5 47. Kc3 Qc5+ 48. Kb3 g5 49. Ka4 Qc8 50. b6 g4 51. Ka5 Qc5+ 0-1

[Event "LI Festival A"]
[Site "Imperia ITA"]
[Date "2009.09.02"]
[Round "5"]
[White "Faraci, Antonino"]
[Black "Ornati, Gianmaria"]
[WhiteElo "2009"]
[BlackElo "1906"]
[Result "1-0"]
[PlyCount "55"]
[EventDate "2009.08.30"]

1. e4 c5 2. Nf3 d6 3. d4 cxd4 4. Nxd4 Nf6 5. Nc3 a6 6. g3 e5 7. Nde2 Nc6 8. Bg2
g6 9. h3 Bg7 10. Be3 b5 11. a3 Bb7 12. Qd2 Qc7 13. Rd1 Rd8 14. b4 a5 15. Nxb5
Qe7 16. Nxd6+ Rxd6 17. Qxd6 Qxd6 18. Rxd6 axb4 19. axb4 Nxb4 20. O-O Nxc2 21.
Bg5 Nd7 22. Rc1 Bf8 23. Rd2 Na3 24. Rc7 f6 25. Rcxd7 Ba6 26. Bxf6 Rg8 27. Ra7
Bb5 28. Rd8# 1-0